[Event "Lower Rhine-ch"]
[Site "Solingen"]
[Date "2011.04.21"]
[Round "6"]
[White "Uhlenbrock, Steffan"]
[Black "Hobusch, Jan"]
[Result "0-1"]
[WhiteElo "1844"]
[BlackElo "1892"]
[PlyCount "40"]
[EventDate "2011.04.16"]
[EventType "swiss"]
[EventRounds "7"]
[EventCountry "GER"]
[SourceTitle "CBM 142 Extra"]
[Source "ChessBase"]
[SourceDate "2011.06.27"]
[SourceVersion "1"]
[SourceVersionDate "2011.06.27"]
[SourceQuality "1"]

1. c4 Nf6 2. Nc3 c6 3. d4 d5 4. Bg5 e6 5. Nf3 dxc4 6. e4 b5 7. e5 h6 8. Bh4 g5 9. Nxg5 hxg5 10. Bxg5 Nbd7 11. Qf3 Qb6 12. Bxf6 Rh6 13. Bg5 Rg6 14. Be3 Bb7 15. d5 c5 16. 0-0-0 b4 17. Bxc4 bxc3 18. b3 Nxe5 19. Qe4 Nxc4 20. Qxc4 Bxd5 0-1

[Event "Lower Rhine-ch"]
[Site "Solingen"]
[Date "2011.04.16"]
[Round "1"]
[White "Goerke, Joachim"]
[Black "Uhlenbrock, Steffan"]
[Result "1-0"]
[WhiteElo "2154"]
[BlackElo "1844"]
[PlyCount "81"]
[EventDate "2011.04.16"]
[EventType "swiss"]
[EventRounds "7"]
[EventCountry "GER"]
[SourceTitle "CBM 142 Extra"]
[Source "ChessBase"]
[SourceDate "2011.06.27"]
[SourceVersion "1"]
[SourceVersionDate "2011.06.27"]
[SourceQuality "1"]

1. d4 c5 2. d5 d6 3. c4 Nf6 4. Nc3 g6 5. e4 b5 6. cxb5 a6 7. Bg5 Bg7 8. Qd2 axb5 9. Bxb5+ Bd7 10. Be2 0-0 11. Bh6 Qb6 12. Rb1 Na6 13. h4 Nb4 14. Bxg7 Kxg7 15. a3 Na2 16. Nxa2 Nxe4 17. Qe3 Bf5 18. g4 Qa5+ 19. b4 Qxa3 20. Qxa3 Rxa3 21. Rb2 Rfa8 22. gxf5 Rxa2 23. Rxa2 Rxa2 24. bxc5 Ra1+ 25. Bd1 dxc5 26. Nh3 gxf5 27. Rg1+ Kf6 28. Ng5 Nc3 29. Nxh7+ Ke5 30. Kd2 Nxd5 31. h5 Ra2+ 32. Bc2 Nb4 33. Rc1 Kf4 34. h6 Nxc2 35. Rxc2 Ra6 36. Rc4+ Kf3 37. Ng5+ Kxf2 38. Rh4 Kg3 39. Rh1 f6 40. h7 Ra8 41. Nf7 1-0

[Event "Niederrhein-ch"]
[Site "Krefeld"]
[Date "2010.03.31"]
[Round "5"]
[White "Uhlenbrock, Steffan"]
[Black "Dallmann, Volker"]
[Result "1/2-1/2"]
[WhiteElo "1844"]
[BlackElo "2000"]
[PlyCount "96"]
[EventDate "2010.03.27"]
[EventType "swiss"]
[EventRounds "7"]
[EventCountry "GER"]
[SourceTitle "EXT 2011"]
[Source "ChessBase"]
[SourceDate "2010.11.26"]
[SourceVersion "1"]
[SourceVersionDate "2010.11.26"]
[SourceQuality "1"]

1. e4 e5 2. f4 exf4 3. Nf3 g5 4. Bc4 Bg7 5. h4 h6 6. d4 d6 7. c3 Nc6 8. hxg5 hxg5 9. Rxh8 Bxh8 10. Kf2 Qf6 11. Qh1 Nh6 12. Qh5 g4 13. e5 dxe5 14. dxe5 Qg6 15. Qxg6 fxg6 16. Nh4 Nxe5 17. Bxf4 Nxc4 18. Bxh6 Ne5 19. Bf4 Bf6 20. Bxe5 Bxh4+ 21. g3 Bg5 22. Na3 c6 23. Re1 Kf7 24. Nc4 Kg8 25. Nd6 Be6 26. Rh1 Rf8+ 27. Ke2 Bf6 28. Bxf6 Rxf6 29. Rf1 Bf5 30. Nxf5 gxf5 31. Rf4 Kf7 32. Rb4 Re6+ 33. Kf2 Re7 34. a4 a5 35. Rf4 Kf6 36. b4 Re5 37. bxa5 Rxa5 38. Rb4 b5 39. axb5 Rxb5 40. Rc4 c5 41. Rf4 Rb2+ 42. Kg1 Rd2 43. Rc4 Rd5 44. Kf2 Ke5 45. Ke3 Kf6 46. Kf2 Rd2+ 47. Kg1 Rd3 48. Kg2 Rd5 1/2-1/2

[Event "Niederrhein-ch"]
[Site "Moers"]
[Date "2009.04.10"]
[Round "8"]
[White "Mursaniow, Joerg"]
[Black "Uhlenbrock, Steffan"]
[Result "1/2-1/2"]
[WhiteElo "1922"]
[BlackElo "1658"]
[PlyCount "148"]
[EventDate "2009.04.03"]
[EventType "swiss"]
[EventRounds "9"]
[EventCountry "GER"]
[SourceTitle "EXT 2010"]
[Source "ChessBase"]
[SourceDate "2010.11.25"]
[SourceVersion "1"]
[SourceVersionDate "2010.11.25"]
[SourceQuality "1"]

1. d4 c5 2. e3 cxd4 3. exd4 d5 4. Nf3 Nc6 5. c3 Bf5 6. Bd3 Bxd3 7. Qxd3 e6 8. 0-0 Bd6 9. Re1 Qc7 10. Na3 a6 11. c4 Nb4 12. Qe2 dxc4 13. Nxc4 Rc8 14. Ne3 Ne7 15. Bd2 0-0 16. Rac1 Qb8 17. a3 Nbd5 18. Nc4 Bf4 19. Nfe5 Bxd2 20. Qxd2 Rfd8 21. g3 b5 22. Na5 Rxc1 23. Rxc1 Rc8 24. Nac6 Qb7 25. Nxe7+ Nxe7 26. Rxc8+ Qxc8 27. Qb4 Nd5 28. Qd6 h6 29. Nc6 Qc7 30. Qxc7 Nxc7 31. Kf1 Kf8 32. Ke2 Ke8 33. Kd3 f6 34. Ke4 Kd7 35. Nb4 Kd6 36. Nd3 f5+ 37. Ke3 Nd5+ 38. Kd2 Nf6 39. f3 Nd7 40. Kc3 a5 41. b3 Kd5 42. Nf4+ Kd6 43. a4 b4+ 44. Kc4 e5 45. dxe5+ Nxe5+ 46. Kb5 Nxf3 47. Kxa5 Nxh2 48. Kb6 Nf3 49. a5 Ne5 50. a6 Nd7+ 51. Kb5 Kc7 52. Ne6+ Kb8 53. Nxg7 f4 54. gxf4 Ka7 55. Nh5 Nb8 56. f5 Nxa6 57. f6 Nc7+ 58. Kxb4 Kb6 59. f7 Ne6 60. Ng7 Nf8 61. Kc4 Kc6 62. Kd4 Kd7 63. Nf5 h5 64. b4 Ke6 65. Ng7+ Kxf7 66. Nxh5 Ne6+ 67. Kd5 Ke7 68. Kc6 Nd4+ 69. Kc7 Nb5+ 70. Kb6 Nd4 71. Kb7 Kd6 72. Nf6 Ke6 73. Ne8 Kd5 74. Ka6 Kc4 1/2-1/2

[Event "Niederrhein-ch"]
[Site "Moers"]
[Date "2009.04.09"]
[Round "7"]
[White "Uhlenbrock, Steffan"]
[Black "Waschkewitz, Stefan"]
[Result "0-1"]
[WhiteElo "1658"]
[BlackElo "1730"]
[PlyCount "38"]
[EventDate "2009.04.03"]
[EventType "swiss"]
[EventRounds "9"]
[EventCountry "GER"]
[SourceTitle "EXT 2010"]
[Source "ChessBase"]
[SourceDate "2010.11.25"]
[SourceVersion "1"]
[SourceVersionDate "2010.11.25"]
[SourceQuality "1"]

1. f4 d5 2. Nf3 c5 3. c4 d4 4. d3 Nc6 5. e4 dxe3 6. Bxe3 g6 7. Nc3 e6 8. a3 b6 9. d4 cxd4 10. Nxd4 Bb7 11. Qa4 Nge7 12. 0-0-0 Qc8 13. Ndb5 Nf5 14. Bd4 Nfxd4 15. Nxd4 Be7 16. Ndb5 0-0 17. Nd6 Bxd6 18. Rxd6 Ne7 19. Rg1 Qc5 0-1

[Event "Niederrhein-ch"]
[Site "Moers"]
[Date "2009.04.06"]
[Round "4"]
[White "Biessner, Eberhard"]
[Black "Uhlenbrock, Steffan"]
[Result "1-0"]
[WhiteElo "1764"]
[BlackElo "1658"]
[PlyCount "27"]
[EventDate "2009.04.03"]
[EventType "swiss"]
[EventRounds "9"]
[EventCountry "GER"]
[SourceTitle "EXT 2010"]
[Source "ChessBase"]
[SourceDate "2010.11.25"]
[SourceVersion "1"]
[SourceVersionDate "2010.11.25"]
[SourceQuality "1"]

1. e3 c5 2. f4 e5 3. fxe5 d6 4. exd6 Bxd6 5. Qf3 Nf6 6. Bb5+ Kf8 7. Bc4 Nc6 8. Na3 Ne5 9. Qe2 Neg4 10. Nf3 Ne4 11. d3 Bg3+ 12. Kf1 Nef2 13. Rg1 Qf6 14. hxg3 1-0

[Event "NRW-ch"]
[Site "Herne"]
[Date "2008.09.29"]
[Round "4"]
[White "Vogel, Christian"]
[Black "Uhlenbrock, Steffan"]
[Result "1-0"]
[WhiteElo "2189"]
[BlackElo "1871"]
[PlyCount "93"]
[EventDate "2008.09.27"]
[EventType "swiss"]
[EventRounds "9"]
[EventCountry "GER"]
[SourceTitle "EXT 2010"]
[Source "ChessBase"]
[SourceDate "2010.11.25"]
[SourceVersion "1"]
[SourceVersionDate "2010.11.25"]
[SourceQuality "1"]

1. e4 e5 2. Nf3 Nc6 3. Bb5 a6 4. Bxc6 dxc6 5. d4 exd4 6. Qxd4 Bg4 7. Qxd8+ Rxd8 8. Nbd2 Nf6 9. Ne5 Bd6 10. Nxg4 Nxg4 11. Nc4 Ne5 12. Nxe5 Bxe5 13. Bd2 Ke7 14. 0-0-0 Rd7 15. f4 Bd4 16. Bb4+ Ke6 17. Rd3 Rhd8 18. Bd2 Bb6 19. Rxd7 Rxd7 20. Re1 g6 21. Be3 Bxe3+ 22. Rxe3 c5 23. c3 a5 24. Kc2 Rd6 25. g4 b5 26. Rh3 c4 27. Rxh7 Rd3 28. f5+ gxf5 29. exf5+ Kf6 30. h4 Rh3 31. g5+ Kxf5 32. Rxf7+ Ke4 33. Re7+ Kf4 34. g6 Rh2+ 35. Kc1 Rxh4 36. g7 Rg4 37. Rxc7 Ke3 38. Re7+ Kd3 39. Rd7+ Ke3 40. a4 Rg1+ 41. Kc2 Rg2+ 42. Kb1 b4 43. cxb4 axb4 44. Ka2 c3 45. Kb3 cxb2 46. Ka2 b3+ 47. Kb1 1-0

[Event "Niederrhein-ch"]
[Site "Wuppertal"]
[Date "2008.03.22"]
[Round "7"]
[White "Uhlenbrock, Steffan"]
[Black "Koehler, Markus"]
[Result "1/2-1/2"]
[WhiteElo "1891"]
[BlackElo "2147"]
[PlyCount "82"]
[EventDate "2008.03.15"]
[EventType "swiss"]
[EventRounds "7"]
[EventCountry "GER"]
[SourceTitle "EXT 2010"]
[Source "ChessBase"]
[SourceDate "2010.11.25"]
[SourceVersion "1"]
[SourceVersionDate "2010.11.25"]
[SourceQuality "1"]

1. c4 c5 2. Nf3 Nc6 3. d4 cxd4 4. Nxd4 Nf6 5. Nc3 g6 6. e4 d6 7. Be3 Ng4 8. Be2 Nxe3 9. fxe3 Bg7 10. Rb1 0-0 11. 0-0 Ne5 12. Nf3 Ng4 13. Qd3 Ne5 14. Nxe5 Bxe5 15. Nb5 b6 16. Nd4 Bb7 17. h4 Bg3 18. Rf3 Bxh4 19. Rbf1 Bf6 20. Rh3 Bc8 21. g4 h5 22. Qd1 Kg7 23. Rg3 Bxd4 24. exd4 Bxg4 25. Bxg4 hxg4 26. Qxg4 Qe8 27. Rf2 Rc8 28. b3 b5 29. Rh2 Qc6 30. Rgh3 Rh8 31. Rxh8 Rxh8 32. Rxh8 Kxh8 33. Qh4+ Kg7 34. Qxe7 bxc4 35. bxc4 Qb6 36. c5 Qb1+ 37. Kf2 Qc2+ 38. Kf3 Qc3+ 39. Kf4 Qc1+ 40. Kf3 Qd1+ 41. Kf4 Qd2+ 1/2-1/2

[Event "Rheinhausen-ch 12th"]
[Site "Duisburg Rheinhausen"]
[Date "2008.02.15"]
[Round "5"]
[White "Angermann, Immo Frank"]
[Black "Uhlenbrock, Steffan"]
[Result "1-0"]
[WhiteElo "1514"]
[BlackElo "1689"]
[PlyCount "101"]
[EventDate "2008.01.11"]
[EventType "swiss"]
[EventRounds "7"]
[EventCountry "GER"]
[SourceTitle "EXT 2018"]
[Source "ChessBase"]
[SourceDate "2017.10.13"]
[SourceVersion "1"]
[SourceVersionDate "2017.10.13"]
[SourceQuality "1"]

1. e4 e5 2. Nf3 Nc6 3. Bc4 Nf6 4. Ng5 d5 5. exd5 Nd4 6. c3 b5 7. cxd4 bxc4 8. Qa4+ Qd7 9. Qxd7+ Bxd7 10. dxe5 Nxd5 11. Nc3 Nb4 12. 0-0 Be7 13. Nge4 Nd3 14. Nd5 Bc6 15. Nec3 Bd8 16. f4 Bd7 17. b3 c6 18. Ne3 Bb6 19. bxc4 Bd4 20. Ba3 Be6 21. Kh1 Bxe3 22. dxe3 Bxc4 23. Ne4 Kd7 24. Nd6 Nxe5 25. fxe5 Bxf1 26. Rxf1 Rab8 27. Nxf7 Rhe8 28. Bd6 Rb2 29. Ng5 c5 30. Rf7+ Kc6 31. Rc7+ Kb6 32. Nf3 Re6 33. h3 Rg6 34. g4 Rh6 35. h4 Rf2 36. g5 Rh5 37. Rf7 c4 38. e6 c3 39. Bc7+ Ka6 40. Be5 c2 41. Bb2 Re2 42. Bc1 Rxh4+ 43. Nxh4 Re1+ 44. Kg2 Rxc1 45. Rc7 Kb6 46. Rc3 Re1 47. e7 c1Q 48. Rxc1 Rxe3 49. Nf5 Re5 50. Rc8 g6 51. e8Q 1-0

[Event "Rheinhausen-ch 12th"]
[Site "Duisburg Rheinhausen"]
[Date "2008.01.25"]
[Round "3"]
[White "Imbierowicz, Dirk"]
[Black "Uhlenbrock, Steffan"]
[Result "0-1"]
[WhiteElo "1355"]
[BlackElo "1689"]
[PlyCount "142"]
[EventDate "2008.01.11"]
[EventType "swiss"]
[EventRounds "7"]
[EventCountry "GER"]
[SourceTitle "EXT 2018"]
[Source "ChessBase"]
[SourceDate "2017.10.13"]
[SourceVersion "1"]
[SourceVersionDate "2017.10.13"]
[SourceQuality "1"]

1. e4 e5 2. Nf3 Nc6 3. Bc4 Nf6 4. d3 Bc5 5. Bg5 d6 6. h3 Be6 7. Nbd2 Qd7 8. Qe2 Nb4 9. Nb3 Bb6 10. c3 Nc6 11. d4 exd4 12. Bxf6 gxf6 13. cxd4 Bxc4 14. Qxc4 Rg8 15. Nh4 0-0-0 16. 0-0-0 d5 17. exd5 Qxd5 18. Qxd5 Rxd5 19. g4 Nxd4 20. Nxd4 Bxd4 21. Nf5 Rxf5 22. gxf5 Bxf2 23. Kc2 Rd8 24. Rdf1 Bd4 25. Rh2 Rg8 26. Rd1 Be5 27. Rhd2 Bd6 28. Rd3 Rg5 29. Rf1 h5 30. a3 Kd7 31. b4 Ke8 32. Kb3 Kf8 33. a4 b6 34. b5 Ke7 35. Kc4 Rg2 36. Kd5 Kd7 37. Rff3 Ra2 38. Rd4 Rg2 39. Rh4 Rg5 40. Re4 Rg7 41. Rfe3 Be5 42. Rd3 Rg1 43. Rc4 Rf1 44. Ke4+ Ke7 45. Rf3 Rg1 46. Kd5 Kd8 47. Kc6 Kc8 48. Rd3 Bd6 49. Re3 Be5 50. Rd3 Bd6 51. Re3 Kd8 52. Rce4 Be5 53. Rd3+ Kc8 54. Rc4 Bd6 55. Re3 Be5 56. Rd3 Rf1 57. Rd7 Rxf5 58. Rxf7 Bd6 59. Rh7 Kd8 60. Rh8+ Ke7 61. Re4+ Kf7 62. Ra8 Rf3 63. Rh4 Kg6 64. Rh8 Rf5 65. Rg8+ Kf7 66. Rh8 Kg6 67. Rg8+ Kh7 68. Rg2 Be5 69. Kd5 Bg3+ 70. Ke6 Rg5 71. Re2 Bxh4 0-1

[Event "Rheinhausen-ch 12th"]
[Site "Duisburg Rheinhausen"]
[Date "2008.01.18"]
[Round "2"]
[White "Zielinski, Werner"]
[Black "Uhlenbrock, Steffan"]
[Result "1-0"]
[WhiteElo "1902"]
[BlackElo "1689"]
[PlyCount "105"]
[EventDate "2008.01.11"]
[EventType "swiss"]
[EventRounds "7"]
[EventCountry "GER"]
[SourceTitle "EXT 2018"]
[Source "ChessBase"]
[SourceDate "2017.10.13"]
[SourceVersion "1"]
[SourceVersionDate "2017.10.13"]
[SourceQuality "1"]

1. d4 Nf6 2. c4 e5 3. dxe5 Ng4 4. Nf3 Nc6 5. Bd2 Bc5 6. e3 Ngxe5 7. Nxe5 Nxe5 8. Be2 Qg5 9. 0-0 Qh4 10. f4 Ng6 11. Kh1 Qe7 12. Nc3 c6 13. e4 d6 14. Qc2 0-0 15. Rae1 f5 16. Bd3 Qf7 17. exf5 Bxf5 18. Bxf5 Qxf5 19. Qxf5 Rxf5 20. Ne4 Raf8 21. g4 R5f7 22. b4 Bb6 23. Nxd6 Rd7 24. c5 Bc7 25. f5 Bxd6 26. cxd6 Rxd6 27. Bg5 h6 28. Be3 Re8 29. fxg6 Rxg6 30. Bxa7 Ra8 31. Bc5 Rxa2 32. Re8+ Kh7 33. h3 h5 34. Rf5 hxg4 35. Rh5+ Rh6 36. Rxh6+ Kxh6 37. hxg4 Kg5 38. Re4 Kh4 39. Kg1 Kg3 40. Bd6+ Kf3 41. Rf4+ Ke3 42. Rf7 b6 43. g5 Ke4 44. Rxg7 Kd5 45. Bf8 Ra8 46. Rf7 Ke6 47. Rf3 c5 48. g6 Ra1+ 49. Kf2 Ra2+ 50. Kg3 Ra1 51. g7 Ke5 52. Kg2 Ra2+ 53. Rf2 1-0

[Event "Rheinhausen-ch 12th"]
[Site "Duisburg Rheinhausen"]
[Date "2008.01.11"]
[Round "1"]
[White "Uhlenbrock, Steffan"]
[Black "Lutzer, Marius"]
[Result "1-0"]
[WhiteElo "1689"]
[BlackElo "756"]
[PlyCount "31"]
[EventDate "2008.01.11"]
[EventType "swiss"]
[EventRounds "7"]
[EventCountry "GER"]
[SourceTitle "EXT 2018"]
[Source "ChessBase"]
[SourceDate "2017.10.13"]
[SourceVersion "1"]
[SourceVersionDate "2017.10.13"]
[SourceQuality "1"]

1. e4 e5 2. f4 exf4 3. Nf3 Bc5 4. d4 Bb4+ 5. c3 Bd6 6. e5 Be7 7. Bxf4 Nc6 8. d5 Na5 9. b4 Bh4+ 10. g3 Nc4 11. Bxc4 Be7 12. d6 cxd6 13. exd6 Bf6 14. Qd5 Nh6 15. Bxh6 gxh6 16. Qxf7# 1-0

[Event "Goch op 18th"]
[Site "Goch"]
[Date "2007.10.07"]
[Round "7"]
[White "Uhlenbrock, Steffan"]
[Black "Boldt, Manfred"]
[Result "1-0"]
[WhiteElo "1881"]
[BlackElo "1632"]
[PlyCount "91"]
[EventDate "2007.10.04"]
[EventType "swiss"]
[EventRounds "7"]
[EventCountry "GER"]
[SourceTitle "EXT 2011"]
[Source "ChessBase"]
[SourceDate "2010.11.26"]
[SourceVersion "1"]
[SourceVersionDate "2010.11.26"]
[SourceQuality "1"]

1. e4 d6 2. f4 g6 3. Nf3 Bg7 4. d4 Nd7 5. Bc4 Ngf6 6. e5 dxe5 7. dxe5 Ng4 8. Ng5 Nh6 9. e6 f6 10. exd7+ Bxd7 11. Ne6 Bxe6 12. Qxd8+ Rxd8 13. Bxe6 f5 14. Nc3 Ng4 15. Nd5 Bd4 16. Nxc7+ Kf8 17. Bd5 Bf2+ 18. Ke2 Rd7 19. Ne6+ Ke8 20. Bf3 Bb6 21. Bxg4 fxg4 22. Rd1 Rxd1 23. Kxd1 Kd7 24. Ng5 h6 25. Nf7 Rh7 26. Ne5+ Ke6 27. Nxg4 Kf5 28. Ne3+ Ke4 29. Ke2 Rf7 30. g3 g5 31. Ng4 h5 32. Nf2+ Kd5 33. Be3 Bxe3 34. Kxe3 gxf4+ 35. gxf4 e5 36. Rd1+ Ke6 37. Nh3 Rg7 38. Rg1 Rc7 39. c3 Rc4 40. fxe5 Rh4 41. Ng5+ Kf5 42. Nf3 Re4+ 43. Kf2 Kf4 44. Rg7 Re3 45. Rf7+ Ke4 46. Ng5+ 1-0